000 00975 a2200181 4500
003 Nust
005 20170207153152.0
040 _cNust
082 _a621.314
245 _aCoil design and construction manual
_ceditor Cilve Sinclair
250 _a1st ed
260 _aV, Cooper & Partners Ltd
_bLondon
_c1960
300 _a84 p
505 _aRadio Frequency (Page-5),The Design And Construction R.F(Page-12),The Design And Construction H.F(Page-29),The Design And Construction Of Power (Page-31),The Design And Construction Of Low Frequency(Page-41),Chokes Carrying(Page-44),Inter-Value Transformers(Page-52),Output Transformers(Page-56),Air Gap Determination(Page-59),Push-Pull Output And Loudspeaker (Page-60),Input Transformers(Page-66), Push-Pull Inter-Value(Page-69),Construction Details(Page-71),Methods Of Tasting(Page-76),Calculation Of Wire(Page-79).
538 _aAlmirah No.31 Shelf No.1
600 _aCilve Sinclair
650 _aCoil design and construction manual
942 _2ddc
_cBK
999 _c180621
_d180621